000
00334nam a22001457a 4500
008
210607b ||||| |||| 00| 0 eng d
020
_a
9780321912763
041
_a
eng
080
_2
3rd
_a
510
082
_a
510
100
_a
38
101
_a
MAT
245
_a
Precalculus a Right Triangle Approach
_c
J. S. Ratti
942
_2
udc
_c
BK
999
_c
57985
_d
57985